000 00458nam a2200193Ia 4500
008 240510s9999 xx 000 0 und d
020 _a0000135877911
041 _aEng
082 _a005.11
082 _bS84
100 _aSULLY, P:
245 0 _aMODELLING THE WORLD WITH OBJECTS
260 _bNEWYORK : PRENTICE HALL
260 _c1993
300 _a283 p.
650 _aOBJECT ORIENTED PROGRAMMING : PROGRAMMING
942 _2ddc
942 _cRBK
999 _c24045
_d24045
945 _a1
_bMadushi Gamage
_c1
_dMadushi Gamage